[Event "1st Goa GM Open 2018"]
[Site "Taleigao"]
[Date "2018.10.19"]
[Round "9"]
[White "Gusain, Himal"]
[Black "Sahil, Tickoo"]
[Result "1/2-1/2"]
[WhiteElo "2384"]
[BlackElo "2217"]
[Annotator "TA"]
[PlyCount "212"]
[EventDate "2018.10.13"]
[EventType "swiss"]
[EventCountry "IND"]
[SourceTitle "playchess.com"]
[Source "ChessBase"]
[SourceQuality "1"]

{[%evp 30,212,19,36,39,33,33,31,42,35,27,-122,-128,-212,-189,-199,-100,-91,-104,-151,-45,-93,-88,-184,-184,-184,-184,-204,-192,-194,-194,-209,-203,-197,-133,-128,-98,-98,-98,-98,-102,-146,-86,-190,-75,-177,-75,-95,-75,-76,-76,-105,-22,-22,-22,-22,-22,-25,-25,-25,-22,-22,-22,-22,-16,-53,-16,-16,0,-16,0,-18,0,-16,-16,-16,0,0,0,-16,0,-16,-16,-16,0,0,0,-16,-16,-16,-16,-16,0,0,0,-16,0,0,0,0,0,0,0,0,0,0,0,0,0,0,0,0,0,0,0,0,0,0,0,0,0,0,0,0,0,0,0,0,0,0,0,0,0,0,0,0,0,0,0,0,0,0,0,0,0,0,0,0,0,0,0,0,0,0,0,0,0,0,0,0,0,0,0,0,0,0,0,0,0,0,0,0,0,0,0,0,0,0,0,0,0,0,0,0,0]} 1. e4 e6 2. d4 d5 3. Nc3 Nf6 4. e5 Nfd7 5. f4 c5 6. Nf3 Nc6 7. Be3 cxd4 8. Nxd4 Qb6 9. Qd2 Qxb2 10. Rb1 Qa3 11. Bb5 Nxd4 {C11: French: Classical System: 4 e5 and 4 Bg5 dxe4} 12. Bxd4 a6 13. Rb3 Qe7 14. Bxd7+ Bxd7 15. Rxb7 Rc8 16. O-O {LiveBook: 39 Games} (16. f5 exf5 17. O-O Qd8 18. Qf2 Rc4 19. Rfb1 {1-0 (41) Nepomniachtchi,I (2751)-Sutovsky,E (2647) Poikovsky 2018}) 16... Qa3 17. f5 Bc5 18. Ne2 exf5 19. Qg5 {[#]} g6 $146 20. Qf6 (20. c3 $11) 20... O-O $17 21. Kh1 (21. Rb3 $17 Bxd4+ 22. Nxd4 Qxa2 23. Rfb1) 21... Be7 $19 22. Qb6 Bb5 (22... Rxc2 $19 23. Rxd7 Rxe2) 23. Rf3 $17 Qb4 24. c3 Bc5 (24... Qa4 $1 $17 25. Ng1 Bd8) 25. Bxc5 Qxc5 26. Nd4 (26. Qxc5 $17 {keeps fighting.} Rxc5 27. Nd4) 26... Qxb6 $1 $19 27. Rxb6 Rfe8 28. h3 Rxe5 29. Nxb5 axb5 30. Rxb5 {[%mdl 4096] Endgame KRR-KRR} Re1+ 31. Kh2 Rc1 ({Better is} 31... Re2 $19 32. a4 Rc4) 32. Rxd5 $17 R8xc3 33. Rxc3 Rxc3 {KR-KR} 34. a4 Ra3 35. a5 Kg7 (35... f4 $142 $1 36. Kg1 Kf8) 36. Rb5 {[#]} (36. h4 $17) 36... h6 (36... f4 $1 $19 37. Rb4 g5) 37. Kg1 {[#]} (37. g3 $17) 37... Ra2 (37... f4 $1 $19 {is more deadly.} 38. Kf2 g5) 38. g3 h5 39. h4 Kf6 40. Kf1 {[#]} f4 $1 {[%mdl 512]} 41. gxf4 $11 Ra4 42. Kg2 Rxf4 43. Kg3 Rg4+ 44. Kh3 $1 Ra4 45. Kg3 Ra3+ 46. Kg2 Ke6 47. Kh2 f6 (47... Ra4 $5 {[%cal Ra4h4]} 48. Kg3 Kf6 $17) 48. Kg2 {The position is equal.} Kd6 49. Kh2 Rc3 50. Rb1 Ra3 51. Rb5 Ke7 52. Kg2 Kf7 53. Rb7+ Kf8 54. Rb6 Kg7 55. Rb7+ Kh6 56. Rb6 Kg7 57. Rb7+ Kh6 58. Rb6 f5 59. a6 Ra4 60. Kg3 Rg4+ 61. Kh3 $1 Ra4 62. Kg3 Rg4+ 63. Kh3 $1 Rg1 64. a7 Ra1 {Threatens to win with ...Ra3+.} 65. Rb7 Ra3+ 66. Kg2 Ra4 67. Kg3 Ra3+ 68. Kf4 Ra4+ 69. Kf3 g5 70. Rb6+ Kg7 {White must now prevent ...g4+.} 71. Rb7+ Kf6 {Strongly threatening ...g4+.} 72. Rb6+ Ke5 73. Rb5+ Kf6 {...g4+ is the strong threat.} 74. Rb6+ Ke5 75. Rb5+ Kf6 {aiming for ...g4+.} 76. Rb6+ Ke5 {And now ...g4+ would win.} 77. hxg5 Ra3+ 78. Kg2 {Hoping for Rb7.} Rxa7 79. Kg3 Ra4 80. Rb5+ Ke6 81. Rb6+ Ke5 82. Rb5+ Ke6 83. Rb6+ Ke7 84. Rh6 Rg4+ 85. Kf3 h4 86. Ke3 Kf7 87. Rf6+ Kg7 88. Rxf5 Kg6 89. Rf8 Kg7 90. Rf1 Rxg5 91. Rh1 Rg4 92. Kf3 Ra4 93. Rb1 Kf6 94. Rb5 Rc4 95. Kg2 Kg6 96. Kh3 Rd4 97. Rb8 Kg5 98. Rg8+ Kh5 99. Kh2 Rd3 100. Kh1 Rd2 101. Rg7 h3 102. Rg8 Kh4 103. Rg7 Rd1+ 104. Kh2 Rd2+ 105. Kh1 Rd1+ 106. Kh2 Rd2+ {Precision: White = 60%, Black = 52%.} 1/2-1/2

[Event "1st Goa GM Open 2018"]
[Site "Taleigao"]
[Date "2018.10.19"]
[Round "9"]
[White "Audi Ameya"]
[Black "Singh, S. Vikramjit"]
[Result "0-1"]
[WhiteElo "2375"]
[BlackElo "2192"]
[Annotator "TA"]
[PlyCount "70"]
[EventDate "2018.10.13"]
[EventType "swiss"]
[EventCountry "IND"]
[SourceTitle "playchess.com"]
[Source "ChessBase"]
[SourceQuality "1"]

{[%evp 24,69,41,0,15,0,32,29,31,29,51,35,91,91,92,81,95,95,96,58,129,126,265,254,239,206,272,170,182,164,144,95,140,0,218,-1065,-1031,-1631,-1616,-29993,-29988,-29988,-29989,-29991,-29990,-29998,-29999,-29999]} 1. e4 c5 2. Nf3 d6 3. d4 cxd4 4. Nxd4 Nf6 5. Nc3 Nc6 6. Bg5 e6 7. Qd2 a6 8. O-O-O Bd7 9. f4 {[%cal Bf2f4,Bf4f5][%mdl 32]} b5 10. Bxf6 gxf6 11. Kb1 Qb6 12. Nce2 b4 {B67: Sicilian: Richter-Rauzer: 7...a6 8 0-0-0 Bd7, lines without 9 f4 Be7} (12... Rc8 13. h4 Rg8 14. f5 Nxd4 15. Nxd4 e5 16. Ne2 b4 17. Rh3 d5 18. Rg3 Rh8 19. Rf3 h5 20. exd5 Rc4 {1-0 (54) Anand,V (2786)-Gelfand,B (2724) Zuerich 2017}) 13. g3 {LiveBook: 17 Games} Be7 {[#]} 14. f5 $146 ({Predecessor:} 14. Bg2 Nxd4 15. Nxd4 Rd8 16. g4 a5 17. Rhf1 Rg8 18. Bf3 a4 19. b3 {1-0 (50) Sax,G (2565)-Kozul,Z (2380) Sarajevo 1985}) 14... Nxd4 {The position is equal.} 15. Nxd4 {Threatens to win with fxe6.} e5 16. Nb3 Rc8 17. Qd3 O-O (17... a5 $14) 18. Qxa6 $16 Qc7 19. Qd3 Ra8 20. g4 Rfc8 21. Nc1 d5 (21... Bf8 $14) 22. exd5 e4 (22... Bc5 $16 {was necessary.}) 23. Qxe4 $18 Bd6 24. h4 Be5 25. Rh3 Ba4 {[%cal Ra4c2]} 26. b3 Bd7 27. Rf3 Ra3 28. g5 ({White should try} 28. Bc4 $16) 28... Rca8 $2 (28... Qa5 $1 $11) 29. d6 $4 {[%mdl 8192] [#]} (29. Qxb4 Rxa2 30. Nxa2 Rxa2 $11) (29. gxf6 $18 Bxf6 30. Qxb4) 29... Rxa2 $3 $19 {[%mdl 512] ( -> ...Rb2#)} 30. Nxa2 Rxa2 {[%csl Ge5][%cal Ra2a1]} 31. c4 Rb2+ {Black mates.} 32. Kc1 Qa5 33. Bd3 Bc6 34. Qxe5 Qa1+ 35. Bb1 Qxb1# {Precision: White = 32%, Black = 29%.} 0-1

[Event "1st Goa GM Open 2018"]
[Site "Taleigao"]
[Date "2018.10.19"]
[Round "9"]
[White "Sai Agni Jeevitesh, J."]
[Black "Matta, Vinay Kumar"]
[Result "1/2-1/2"]
[WhiteElo "2362"]
[BlackElo "2129"]
[Annotator "TA"]
[PlyCount "102"]
[EventDate "2018.10.13"]
[EventType "swiss"]
[EventCountry "IND"]
[SourceTitle "playchess.com"]
[Source "ChessBase"]
[SourceQuality "1"]

{[%evp 28,102,37,19,71,74,67,77,76,69,74,66,66,66,68,66,80,65,90,72,75,-42,-50,-84,-62,-37,-2,-8,0,0,0,0,0,0,0,0,0,0,0,0,0,0,0,0,0,0,0,0,27,27,27,8,22,8,8,8,8,8,8,8,8,8,8,8,8,8,8,8,8,8,8,8,8,8,8,8,8]} 1. d4 Nf6 2. c4 g6 3. Nc3 Bg7 4. e4 d6 5. f3 O-O 6. Bg5 c5 7. d5 e6 8. Qd2 exd5 9. cxd5 h6 10. Be3 a6 11. a4 h5 12. Nge2 Nbd7 13. Nc1 Ne5 {A65: Modern Benoni: 6 e4} 14. Be2 Bd7 (14... Nh7 15. h3 f5 16. f4 Nf7 17. exf5 gxf5 18. O-O Nf6 19. Bf2 Bd7 20. a5 Bb5 21. Re1 {0-1 (40) Korobov,A (2652)-Amin,B (2693) Wijk aan Zee 2018}) 15. O-O {LiveBook: 4 Games} b5 (15... Nh7 $11) 16. axb5 $16 axb5 17. Rxa8 Qxa8 18. Nxb5 Bxb5 19. Bxb5 Rb8 20. Be2 $1 Ne8 {White should prevent ...Rxb2.} 21. b3 Nc7 $146 22. h3 Nd7 23. Bc4 Nb5 24. Ne2 (24. Bf4 $16) 24... Na3 $15 25. Rc1 Nxc4 26. bxc4 Rb2 27. Rc2 $36 {[%mdl 2048] White is pushing.} Qa1+ 28. Kf2 Nb6 {Strongly threatening ...Nxc4!} 29. Rxb2 Qxb2 30. Qxb2 Bxb2 $11 {[%mdl 4096] Endgame KBN-KBN} 31. Nf4 Nxc4 32. Nd3 Bc3 33. g4 hxg4 34. hxg4 Kf8 35. Bf4 Ke7 36. Ke2 Bd4 37. Ne1 Nb6 38. Nc2 Bb2 39. Kd3 f5 {The position is equal.} 40. gxf5 gxf5 41. Ne3 fxe4+ 42. fxe4 {[#] And now Nf5+ would win.} Kd7 43. Nf5 Be5 44. Bxe5 dxe5 {KN-KN} 45. Kc3 (45. Ne3 $5 {[%cal Re3c4]} Kc7 46. Kc3 $16) 45... Kc7 46. Ne3 Nd7 47. Ng4 Kd6 48. Kd3 c4+ 49. Kxc4 Nb6+ 50. Kd3 Nxd5 51. exd5 Kxd5 {Precision: White = 61%, Black = 70%.} 1/2-1/2

[Event "1st Goa GM Open 2018"]
[Site "Taleigao"]
[Date "2018.10.19"]
[Round "9"]
[White "Rajdeep Sarkar"]
[Black "Amonatov, Farrukh"]
[Result "0-1"]
[WhiteElo "2355"]
[BlackElo "2615"]
[Annotator "TA"]
[PlyCount "76"]
[EventDate "2018.10.13"]
[EventType "swiss"]
[EventCountry "IND"]
[SourceTitle "playchess.com"]
[Source "ChessBase"]
[SourceQuality "1"]

{[%evp 13,76,-11,-5,0,-12,-25,-5,-13,4,0,0,-28,-30,-39,-42,-66,-76,-66,-53,-84,-78,-98,-92,-111,-18,-20,-22,-22,-25,-25,-29,-110,-108,-107,-92,-87,-98,-92,0,-473,-481,-478,-483,-458,-210,-283,-273,-438,-407,-521,-511,-637,-643,-936,-932,-943,-921,-913,-898,-876,-873,-1037,-245,-605,-491]} 1. d4 Nf6 2. c4 g6 3. Nc3 Bg7 4. g3 c5 5. d5 d6 6. Bg2 O-O 7. e4 e6 8. Nge2 {E72: King's Indian: 4 e4 d6 5 g3} exd5 9. exd5 (9. cxd5 Nbd7 10. O-O Rb8 11. a4 a6 12. Rb1 Re8 13. Bf4 Ne5 14. b4 c4 15. Be3 Nfg4 16. Ba7 Ra8 17. Bd4 {0-1 (38) Gagare,S (2491)-Fier,A (2619) Dubai 2016}) 9... Na6 10. O-O {The position is equal.} Nc7 11. a4 Na6 $146 ({Predecessor:} 11... Rb8 12. h3 b6 13. Nb5 Rb7 14. Bf4 Nfe8 15. Nec3 a6 {1-0 (26) Rasmussen,K (2495)-Malisauskas,V (2495) Heraklio 2007}) 12. h3 Nb4 13. Bf4 Bf5 14. Qd2 Re8 15. b3 Bc2 16. Ra3 a6 17. Be3 Qd7 18. Kh2 Ne4 (18... Qf5 $17 19. a5 Ne4 20. Nxe4 Bxe4) 19. Nxe4 $11 Bxe4 20. Bxe4 Rxe4 21. Nc3 Re5 22. Na2 (22. Kg2 $11 {keeps the balance.}) 22... Rh5 $36 {[%mdl 2048] Black is in control.} 23. h4 Re8 24. Nxb4 cxb4 25. Ra2 ({Not} 25. Qxb4 $2 Be5 $19) 25... Bf6 $1 {[%cal Rf6h4]} 26. Kg2 $2 {[%mdl 8192] [#]} (26. Qxb4 Bxh4 $1 {[%mdl 512]} 27. Kg1 Bf6 $19) (26. Rh1 $1 $11 {and White has nothing to worry.}) 26... Rxh4 $1 $19 {[%mdl 512] Strongly threatening ...Qh3+.} 27. Rh1 ({Wrong is} 27. gxh4 $2 Qg4+ 28. Kh2 Qxh4+ 29. Kg2 Qg4+ 30. Kh1 Re5 $19) 27... Rxh1 28. Kxh1 Qh3+ 29. Kg1 h5 {[%cal Bh7h5,Bh5h4][%mdl 32]} 30. Qd1 $2 (30. Qe2 h4 31. Qf3) 30... h4 31. Qf1 Qg4 32. Bf4 hxg3 33. Bxg3 Bc3 34. Qd3 Re1+ 35. Kg2 Qh5 {[%csl Ge1][%cal Rh5h1]} 36. Bh2 Be5 37. Qh3 Qxh3+ 38. Kxh3 Rh1 {Precision: White = 43%, Black = 82%.} 0-1

[Event "1st Goa GM Open 2018"]
[Site "Taleigao"]
[Date "2018.10.19"]
[Round "9"]
[White "Anuj Shrivatri"]
[Black "Predke, Alexandr"]
[Result "0-1"]
[WhiteElo "2345"]
[BlackElo "2615"]
[Annotator "TA"]
[PlyCount "70"]
[EventDate "2018.10.13"]
[EventType "swiss"]
[EventCountry "IND"]
[SourceTitle "playchess.com"]
[Source "ChessBase"]
[SourceQuality "1"]

{[%evp 10,70,29,37,56,48,48,57,54,58,67,23,62,62,46,66,53,-3,-10,-8,-8,-23,-31,-47,0,-272,-254,-316,-308,-581,-394,-478,-458,-433,-363,-554,-547,-546,-443,-905,-913,-907,-911,-875,-874,-870,-869,-861,-856,-1307,-1306,-1230,-672,-653,-656,-640,-608,-623,-614,-962,-897,-5143,-5143]} 1. Nf3 f5 2. d3 d6 3. e4 e5 4. Nc3 c5 (4... Be7 5. d4 fxe4 6. Nxe4 d5 7. Neg5 exd4 8. Bd3 Qd6 9. Nxd4 c5 10. Nb5 Qe5+ 11. Be3 Na6 12. O-O {1-0 (36) Svidler,P (2751)-Bu,X (2710) Tbilisi 2017}) 5. g3 Nc6 6. Nh4 {LiveBook: 8 Games. A04: Unusual lines after 1 Nf3 and King's Indian Attack} f4 7. Ng2 ({Of course not} 7. Qh5+ $6 g6 $15) 7... fxg3 $146 ({Predecessor:} 7... Nf6 8. gxf4 Be7 9. Be2 Bh3 10. Rg1 Nd4 11. Ne3 exf4 12. Ned5 Nxd5 13. Nxd5 {0-1 (26) Flores,D (2514)-Ravi,L (2390) Andorra 2006}) 8. hxg3 {White is slightly better.} g6 9. Ne3 Bg7 10. Ned5 Nf6 11. Bg5 Nd4 12. Bg2 O-O 13. O-O (13. f4 $14) 13... Be6 $11 14. f4 exf4 15. gxf4 {Black should prevent e5.} Qd7 {...Nxd5 is the strong threat.} 16. Ne3 Rae8 17. Qd2 $2 {[%mdl 8192] [#]} (17. Bxf6 $11 {and White stays safe.} Rxf6 18. Ncd5) 17... Nh5 $1 $19 18. f5 gxf5 19. Ned5 $2 (19. exf5 Bxf5 20. Rf2) 19... Ng3 {White must now prevent ...Bxd5.} 20. Rf2 Bxd5 21. exd5 Qf7 22. Bf4 (22. Bh4 $142 Qg6 23. Qg5 Nge2+ 24. Nxe2 Nxe2+ 25. Kh2) 22... Qg6 {Black is clearly winning.} 23. Re1 Nh5 24. Bh2 (24. Ne2 $142 Nxe2+ 25. Rfxe2 Rxe2 26. Rxe2) 24... Bh6 25. Qd1 Rxe1+ 26. Qxe1 Re8 27. Ne4 fxe4 28. dxe4 Nf6 29. e5 Ng4 30. Be4 Nxe5+ 31. Bxg6 Nef3+ 32. Rxf3 Nxf3+ 33. Kf2 Rxe1 34. Bh5 Rh1 35. Kxf3 Rxh2 {Precision: White = 34%, Black = 62%.} 0-1

[Event "1st Goa GM Open 2018"]
[Site "Taleigao"]
[Date "2018.10.19"]
[Round "9"]
[White "Kathmale, Sameer"]
[Black "Tarun V Kanth"]
[Result "1-0"]
[WhiteElo "2343"]
[BlackElo "2123"]
[Annotator "TA"]
[PlyCount "67"]
[EventDate "2018.10.13"]
[EventType "swiss"]
[EventCountry "IND"]
[SourceTitle "playchess.com"]
[Source "ChessBase"]
[SourceQuality "1"]

{[%evp 14,67,9,0,0,0,7,0,12,0,0,0,14,4,6,-17,0,0,0,0,0,0,0,0,0,0,0,0,0,-2,98,-5,70,66,98,48,68,26,22,10,89,78,137,136,210,214,354,306,392,502,422,458,600,578,725,725]} 1. e4 e6 2. d4 d5 3. Nc3 Bb4 4. exd5 exd5 5. Bd3 Nc6 6. Nf3 Nge7 {C01: Französische Verteidigung (Abtauschvariante)} 7. O-O Bg4 8. a3 {LiveBook: 7 Partien} (8. h3 Bh5 9. a3 Bd6 10. Re1 Bxf3 11. Qxf3 Nxd4 12. Qxd5 c6 13. Qh5 Qd7 14. Ne4 Ne6 15. Bh6 Qc7 16. Bc4 Bh2+ 17. Kh1 Qe5 18. Ng5 {1-0 (18) Rapport,R (2686)-Bluebaum,M (2643) Germany 2018}) 8... Bxc3 {Die Stellung ist ausgeglichen.} 9. bxc3 Qd7 10. Re1 $146 ({Vorgänger:} 10. Rb1 b6 11. h3 Bxf3 12. Qxf3 O-O 13. a4 Rfe8 14. h4 Nd8 {1-0 (25) Starostits,I (2494)-Pacheco,M (2383) Istanbul 2012}) 10... O-O 11. h3 Bf5 12. Rb1 Bxd3 13. Qxd3 b6 14. Bf4 Ng6 15. Bh2 Na5 16. h4 f6 17. h5 Ne7 18. Nd2 c6 19. c4 dxc4 20. Nxc4 Nxc4 21. Qxc4+ Kh8 (21... Qd5 $11 {hält das Gleichgewicht.} 22. Qe2 Rfe8) 22. Re6 ({Günstiger ist} 22. Qe6 $16 Qxe6 23. Rxe6) 22... Nf5 ({Lieber} 22... Rae8 $11) 23. c3 $14 ({Viel schlechter ist} 23. Qxc6 Qxc6 24. Rxc6 Nxd4 $15) 23... Qf7 24. Rxc6 Qxh5 25. Rc7 Nh4 {[#] Und ...Dg6 würde nun gewinnen.} 26. Qd3 Rfc8 (26... Qd5 $11 27. Qg3 Nf5) 27. d5 {[%cal Bd4d5,Bd5d6,Bd6d7][%mdl 32]} Rd8 (27... Qg6 $142 28. Qxg6 Nxg6) 28. d6 Qg5 (28... Qg6 $16 {war einen Versuch wert.} 29. Qxg6 Nxg6) 29. Qh3 $40 {[%mdl 128] Weiss riecht Blut.} Nf5 (29... Ng6 {ist wohl besser.} 30. Rd1 Qb5) 30. Rd1 h6 31. d7 Ne7 {Weiß steht klar auf Gewinn.} 32. Qf3 Qb5 33. Bd6 Nf5 {[#]} 34. Qxa8 $1 {[%mdl 512] Precision: Weiß = 56%, Schwarz = 45%.} 1-0

[Event "1st Goa GM Open 2018"]
[Site "Taleigao"]
[Date "2018.10.19"]
[Round "9"]
[White "Nitish Belurkar"]
[Black "Himanshu, Sharma"]
[Result "1/2-1/2"]
[WhiteElo "2295"]
[BlackElo "2444"]
[Annotator "TA"]
[PlyCount "99"]
[EventDate "2018.10.13"]
[EventType "swiss"]
[EventCountry "IND"]
[SourceTitle "playchess.com"]
[Source "ChessBase"]
[SourceQuality "1"]

{[%evp 13,99,18,23,-6,0,0,0,-19,22,14,43,32,47,57,62,7,14,-25,-19,-25,-25,-16,-27,-21,-22,-32,-18,-18,-16,-23,-10,-17,-11,-23,0,-11,0,0,0,0,0,0,-2,-2,50,0,0,0,0,-100,-91,-96,-97,-88,-91,-106,-101,-126,0,0,0,0,0,0,0,0,0,0,0,0,0,0,0,0,0,0,0,0,0,0,0,0,0,0,0,0,0,0]} 1. e4 g6 2. d4 Bg7 3. Nf3 d6 4. h3 c5 5. dxc5 Qa5+ 6. c3 {B06: Modern Defence} Qxc5 7. Be3 Qc7 {LiveBook: 10 Games} 8. Nbd2 {White has an edge.} Nf6 9. Bd3 Nbd7 10. O-O d5 $146 ({Predecessor:} 10... O-O 11. Rc1 Nc5 12. Bb1 Bd7 {0-1 (60) Karason,A (2244)-Kuzubov,Y (2615) Reykjavik 2012}) 11. Re1 {Hoping for e5.} dxe4 12. Nxe4 Nxe4 13. Bxe4 O-O 14. Qc1 ({Better is} 14. Qe2 $14) 14... Nc5 $11 15. Bh6 Nxe4 16. Rxe4 f6 17. Bxg7 Kxg7 18. Qe1 e5 19. Rd1 Bd7 20. Re2 Rad8 21. Red2 Be6 22. b3 Rxd2 23. Rxd2 b5 24. Qe3 (24. Nd4 $5 Bd7 25. Nc2 $11) 24... Bf7 25. Rd3 a5 26. Nd2 a4 27. c4 axb3 28. axb3 Ra8 (28... bxc4 $11 29. bxc4 Ra8) 29. cxb5 {Threatens to win with b6.} Ra1+ 30. Nf1 Qa5 31. f4 {[#]} (31. Qc5 $1 $11 Qe1 32. Kh2 Qxf1 33. Rd8) 31... exf4 $1 $17 32. Qxf4 {aiming for Rd6.} Qxb5 33. Rf3 Qb6+ 34. Kh2 Bxb3 35. Ne3 {[#]} Ra4 {[#]} ({Black should play} 35... h5 $1 $17 36. Rf1 g5) 36. Nf5+ $1 $11 {[%mdl 512] The position is equal.} gxf5 37. Qg3+ Kh6 {White must now prevent ...Be6.} 38. Rxb3 Rb4 (38... Qd4 {seems wilder.} 39. Rf3 Ra1 40. Qc7 Qg1+ 41. Kg3 Ra2) 39. Rxb4 Qxb4 {[%mdl 4096] Endgame KQ-KQ} 40. Qe3+ Kg7 (40... Kh5 {feels hotter.} 41. Qf3+ Kg6 42. Qg3+ Kh6) 41. Qg3+ Kf7 42. Qc7+ Kg6 43. Qg3+ Kh6 44. Qe3+ f4 (44... Kh5 {is more complex.} 45. Qf3+ Kg6 46. Qg3+) 45. Qe6 Qd4 46. Qe7 Qe5 47. Qf8+ Kg6 48. Qg8+ Kh6 49. Qf8+ Kg6 50. Qg8+ {Precision: White = 66%, Black = 56%.} 1/2-1/2

[Event "1st Goa GM Open 2018"]
[Site "Taleigao"]
[Date "2018.10.19"]
[Round "9"]
[White "Abhishek, Das"]
[Black "Stany, G.A."]
[Result "1/2-1/2"]
[WhiteElo "2280"]
[BlackElo "2502"]
[Annotator "TA"]
[PlyCount "68"]
[EventDate "2018.10.13"]
[EventType "swiss"]
[EventCountry "IND"]
[SourceTitle "playchess.com"]
[Source "ChessBase"]
[SourceQuality "1"]

{[%evp 10,68,36,26,46,39,39,21,35,34,38,32,48,30,55,54,52,60,59,58,40,17,10,18,18,14,22,24,38,14,14,14,22,9,59,58,64,40,30,0,0,0,0,0,0,0,0,0,0,0,0,0,622,587,718,688,620,0,0,0,0]} 1. e4 g6 2. d4 Bg7 3. Nf3 d6 4. h3 a6 5. a4 {[%cal Ba2a4,Ba4a5][%mdl 32]} Nf6 6. Nc3 {LiveBook: 114 Games. B06: Modern Defence} c5 7. dxc5 Qa5 8. Bd3 {next cxd6 is good for White.White is slightly better.} Qxc5 9. O-O Nbd7 $146 ({Predecessor:} 9... Nc6 10. a5 O-O 11. Be3 Qh5 12. Na4 Be6 13. Nb6 Rad8 {½-½ (32) Savic,M (2628)-Leskur,D (2378) Belgrade 2016}) 10. a5 Qc7 11. Be3 Nc5 12. Qd2 O-O 13. b4 Ncd7 14. Na4 d5 15. Nb6 Nxb6 16. Bxb6 Qb8 $1 17. Rae1 e5 18. exd5 Nxd5 19. Bc5 Rd8 20. Be4 Be6 {aiming for ...Nf4.} 21. Rd1 f5 22. Ng5 Bh6 23. Nxe6 (23. Bd3 {is interesting.} Nf6 24. Qc1 Rc8 25. c4 Rxc5 26. bxc5 Nd7 27. c6) 23... Bxd2 24. Nxd8 (24. Rxd2 {looks sharper.} fxe4 25. Nxd8 Nc3 26. Ne6 Qc8 27. Rd6) 24... Nc3 $36 {[%mdl 2048] Black is more active.} 25. Bxb7 Qxd8 26. Bxa8 Nxd1 27. Rxd1 {Strongly threatening Bb7.} Qxa8 28. Rxd2 $11 {[%mdl 4096] Endgame KQ-KRB} Qe4 {And now ...Qe1+ would win.} 29. Rd8+ Kg7 $1 30. Rd7+ Kg8 $2 {[%mdl 8192]} (30... Kh6 $11) 31. b5 $1 $18 {[%cal Rb5a6]} Qxc2 {[#] ...Qb1+ is the strong threat.} 32. b6 $1 {[%cal Rb6b7] Threatens to win with b7.} Qxc5 {[#]} 33. b7 $2 (33. Rc7 $1 $18 {[%cal Rc7c5]} Qxa5 34. Rc8+ Kg7 35. b7) 33... Qc1+ $1 $11 34. Kh2 Qf4+ {Precision: White = 80%, Black = 71%.} 1/2-1/2

[Event "1st Goa GM Open 2018"]
[Site "Taleigao"]
[Date "2018.10.19"]
[Round "9"]
[White "Ritviz, Parab"]
[Black "Vardan Nagpal"]
[Result "1-0"]
[WhiteElo "2252"]
[BlackElo "2433"]
[Annotator "TA"]
[PlyCount "117"]
[EventDate "2018.10.13"]
[EventType "swiss"]
[EventCountry "IND"]
[SourceTitle "playchess.com"]
[Source "ChessBase"]
[SourceQuality "1"]

{[%evp 11,117,0,6,-2,9,-8,0,-22,-23,-22,-14,-12,0,-20,-13,-36,-6,-16,-4,-18,0,0,0,0,16,0,16,-77,11,17,31,0,22,0,20,0,6,7,7,6,18,8,22,19,28,12,13,11,14,6,13,5,12,0,6,0,0,-2,33,0,0,0,0,0,13,0,27,26,38,28,50,41,72,76,93,66,75,29,67,52,66,40,81,20,16,0,81,81,97,120,247,242,730,713,772,214,604,592,29985,29986,29986,29987,29987,29987,29997,29998,29998,29999]} 1. e4 e6 2. d4 d5 3. Nc3 Nf6 4. exd5 exd5 5. Bd3 c6 6. Nge2 Bd6 {LiveBook: 8 Games} 7. O-O {C01: French: Exchange Variation} (7. Bg5 Bg4 8. Qd2 Nbd7 9. O-O-O h6 10. Bh4 Qc7 11. Qe3+ Be6 12. f4 Ng4 13. Qf3 f5 14. Kb1 O-O 15. Rdf1 {0-1 (25) Alvarado Diaz,A (2415)-Meneses Gonzalez,K (2310) Las Palmas 2017}) 7... O-O 8. Ng3 Re8 9. Nf5 {The position is equal.} Bxf5 10. Bxf5 Qc7 $146 ({Predecessor:} 10... Nbd7 11. Qd3 Qc7 12. g3 h6 13. Bd2 Re7 {½-½ (22) Mikanovic,S (2105)-Mahmutbegovic,M (2086) Tuzla 2006}) 11. g3 Nbd7 12. Qf3 b5 {[%cal Bb7b5,Bb5b4][%mdl 32]} 13. Bd3 b4 14. Nd1 g6 15. Ne3 a5 16. c4 {[%cal Rc4d5]} bxc3 17. bxc3 {[%cal Bb2c3,Bc3c4][%mdl 32]} Bf8 18. c4 {[%cal Rc4d5]} Rad8 19. Nc2 (19. cxd5 $11 cxd5 20. Rb1 (20. Nxd5 Nxd5 21. Qxd5 Ne5 $17)) 19... Bg7 (19... c5 $17 20. Bf4 Bd6) 20. Bf4 $11 Qa7 21. Rfe1 Rc8 22. Bd6 Bf8 23. Bf4 dxc4 24. Bxc4 {With the idea Rxe8.} Nb6 25. Bf1 Nfd5 26. Bg5 h6 27. Bd2 Bg7 28. Rac1 Rxe1 29. Rxe1 Rd8 30. h4 h5 31. Bg5 Rb8 32. Bd3 Qd7 33. Be4 Re8 34. Rb1 Qa7 35. Bd3 Nd7 36. Bc4 $36 {[%mdl 2048] White is more active.} N7b6 37. Bf1 Qd7 38. Bd2 Ra8 39. Qd3 Nc8 40. Ne1 Nce7 41. Nf3 Qa7 42. Qc4 Qd7 43. Rc1 Qd6 44. Bh3 a4 45. Re1 a3 46. Ne5 Rf8 47. Nd7 (47. Bg5 $16) 47... Rd8 48. Ne5 ({Better is} 48. Nc5 $11 Nb6 49. Qf1) 48... Rf8 $16 49. Qa4 Rd8 50. Bc1 Nb6 (50... Qb4 $16 {was necessary.} 51. Qxb4 Nxb4) 51. Qb3 $18 ({Don't do} 51. Qxa3 Bxe5 52. dxe5 (52. Rxe5 Qxa3 53. Bxa3 Ned5 $16) 52... Qxa3) 51... Ned5 $2 (51... Bxe5 52. dxe5 Qc7) 52. Bxa3 Qc7 {[#]} 53. Bc5 $2 (53. Nxf7 $1 {[%mdl 512]} Kxf7 (53... Qxf7 54. Be6) 54. Be6+ Kf6 55. Qf3+ Nf4 56. gxf4) 53... Ra8 $2 {[#]} (53... Rb8 54. Nxf7 Nd7) 54. Nxf7 $1 {[%mdl 512]} Kxf7 (54... Qxf7 55. Be6) 55. Be6+ {White mates.} Kf6 56. Qf3+ Nf4 57. Bxb6 Qxb6 58. Qxf4+ Ke7 59. Qf7+ {Precision: White = 33%, Black = 30%.} 1-0

[Event "1st Goa GM Open 2018"]
[Site "Taleigao"]
[Date "2018.10.19"]
[Round "9"]
[White "Aditya Mittal"]
[Black "Akash G"]
[Result "0-1"]
[WhiteElo "2215"]
[BlackElo "2424"]
[Annotator "TA"]
[PlyCount "32"]
[EventDate "2018.10.13"]
[EventType "swiss"]
[EventCountry "IND"]
[SourceTitle "playchess.com"]
[Source "ChessBase"]
[SourceQuality "1"]

{[%evp 9,9,7]} 1. d4 Nf6 2. c4 e6 3. Nc3 Bb4 4. e3 c5 5. Bd3 {Predecessor:} O-O $146 6. Nf3 d5 7. O-O dxc4 8. Bxc4 Bd7 9. a3 cxd4 10. axb4 dxc3 11. bxc3 Qc7 12. Qe2 Rc8 13. Bd3 e5 14. e4 Be6 15. Bb2 Nbd7 16. Nd2 a5 {1-0 (63) Korobov,A (2685)-Georgiev,K (2590) Biograd 2018} 0-1